| 000 | 00535cam a2200205 a 4500 | ||
|---|---|---|---|
| 020 | _a0849357985 (v. 1) | ||
| 020 | _a0849357993 (v. 2) | ||
| 040 | _cDLC | ||
| 082 | 0 | 0 | _a612 CRC 1984 A046 Or. |
| 245 | 0 | 0 | _aMetabolism of trace metals in man / |
| 260 |
_aBoca Raton, Fla. : _bCRC Press, _cc1984. |
||
| 300 |
_a2 v. : _bill. ; _c27 cm. |
||
| 650 | 0 | _aTrace elements | |
| 650 | 0 | _aTrace elements | |
| 650 | 0 | _aTrace elements | |
| 650 | 2 | _aTrace elements | |
| 700 | 1 | _aRennert, Owen M., | |
| 700 | 1 | _aChan, Wai-Yee. | |
| 942 | _cEK | ||
| 999 |
_c13700 _d13700 |
||